Η διαχρονικότητα της δια βίου μάθησης στην εκπαίδευση ενηλίκων και ειδικότερα η σύνδεσή της με την προκλασική και κλασική ελληνική αρχαιότητα : διπλωματική εργασία [μεταπτυχιακή εργασία]

Αποθηκεύτηκε σε:
Λεπτομέρειες βιβλιογραφικής εγγραφής
Κύριος συγγραφέας: Πιταροκοίλη, Καλλιόπη Κ.
Συγγραφή απο Οργανισμό/Αρχή: Πανεπιστήμιο Αιγαίου Σχολή Ανθρωπιστικών Επιστημών Τμήμα Επιστημών της Προσχολικής Αγωγής και του Εκπαιδευτικού Σχεδιασμού Πρόγραμμα Μεταπτυχιακών Σπουδών Φύλο και Νέα Εκπαιδευτικά και Εργασιακά Περιβάλλοντα στην Κοινωνία της Πληροφορίας
Άλλοι συγγραφείς: Αναστασιάδης, Παναγιώτης Σ., 1966- (Εισηγητής διατριβής)
Μορφή: Thesis Βιβλίο
Γλώσσα:Greek
Δημοσίευση: 2012
Θέματα:
Διαθέσιμο Online:http://hdl.handle.net/11610/13923
Ετικέτες: Προσθήκη ετικέτας
Δεν υπάρχουν, Καταχωρήστε ετικέτα πρώτοι!

MARC

LEADER 00000cam a2200000 i 4500
001 1/26975
008 130305s2012 gre d
035 |l 10113930 
040 |a GR-MY-UA  |b gre  |e aacr 
041 0 |a gre 
082 0 |a 374.1  |2 (22) 
100 1 |a Πιταροκοίλη, Καλλιόπη Κ. 
245 1 2 |a Η διαχρονικότητα της δια βίου μάθησης στην εκπαίδευση ενηλίκων και ειδικότερα η σύνδεσή της με την προκλασική και κλασική ελληνική αρχαιότητα :  |b διπλωματική εργασία [μεταπτυχιακή εργασία] /  |c Πιταροκοίλη Καλλιόπη ; επιβλέπων: Αναστασιάδης Παναγιώτης 
260 |c 2012 
300 |a 53 σ.;  |c 30 εκ. 
500 |a Μέλη εξεταστικής επιτροπής: Βιτσιλάκη Χρυσή, Καραντζόλα Ελένη 
502 |a Διατριβή (μεταπτυχιακή) – Πανεπιστήμιο Αιγαίου, Ρόδος, 2012. 
504 |a Βιβλιογραφία: σ. 44-50 
650 0 0 |a Continuing education. 
650 0 0 |a Education  |z Greece  |x History. 
650 0 0 |a Adult education  |z Greece. 
650 0 0 |a Dissertations, Academic  |z Greece. 
700 1 |a Αναστασιάδης, Παναγιώτης Σ.,  |d 1966-  |4 ths 
710 1 |a Πανεπιστήμιο Αιγαίου   |b Σχολή Ανθρωπιστικών Επιστημών   |b Τμήμα Επιστημών της Προσχολικής Αγωγής και του Εκπαιδευτικού Σχεδιασμού   |b Πρόγραμμα Μεταπτυχιακών Σπουδών Φύλο και Νέα Εκπαιδευτικά και Εργασιακά Περιβάλλοντα στην Κοινωνία της Πληροφορίας. 
852 |a INST  |b RHODES  |c DIATR  |e 20130305  |h 374.1 ΠΙΤ  |p 005400034987  |q 005400034987  |t MTXE  |y 23 
852 |a INST  |b RHODES  |c DIATR  |e 20130305  |h 374.1 ΠΙΤ  |p 005400034988  |q 005400034988  |t MTXE  |y 23 
856 |u http://hdl.handle.net/11610/13923 
901 |a BIBL4-2013-1 
909 |a Ρ  |b 176515 
909 |a Ρ  |b 176516 
924 |a ΠΙΤΑΡΟΚΟΙΛΗ  |b ΚΑΛΛΙΟΠΗ Κ.  |y ΡΟΔΟΣ  |z 2012 
970 |z 2013/03/05